| 000 | 00943nam a22002657a 4500 | ||
|---|---|---|---|
| 999 |
_c3759 _d3759 |
||
| 003 | AR-CdUCM | ||
| 008 | 190307b ||||| |||| 00| 0 spa d | ||
| 040 |
_aMUNICIPALIDAD PROVINCIAL DEL CUSCO _cBIBLIOTECA MUNICIPAL DEL CUSCO |
||
| 082 |
_a869 / _bM47 |
||
| 110 |
_aFondo de Cultura Económica _912152 |
||
| 245 | _aEl ensayo mexicano moderno | ||
| 260 |
_aMexico : _bFondo de Cultura Económica, _c1958. |
||
| 300 |
_a490 páginas _c17 cm. |
||
| 440 |
_aLetras Mexicanas 40 _912153 |
||
| 505 | _aJaime Torres Bodet -- Xavier Villaurrutia -- Jorge Cuesta -- Salvador Novo -- Agustín Yañez... | ||
| 650 |
_aEscritores Mexicanos _912154 |
||
| 650 |
_aLetras Mexicanas _912155 |
||
| 650 |
_aEnsayo _9274 |
||
| 650 |
_aLiteratura _983 |
||
| 700 |
_aSelección, introducción y notas de José Luis Martinez _912156 |
||
| 700 |
_aJustino Fernández _912157 |
||
| 700 |
_aCésar Garizurieta _912158 |
||
| 942 |
_2ddc _cLIBROS |
||
| 945 | _admma | ||